| 000 | 00355nam a2200145Ia 4500 | ||
|---|---|---|---|
| 008 | 100122s9999 xx 000 0 und d | ||
| 082 |
_b20306 _a371.805 |
||
| 100 | _aMILLER CARL G | ||
| 245 | _aMODERN JOURNALISM | ||
| 260 |
_bHENRY HOLT AND CO. _c1955 |
||
| 300 | _a364 | ||
| 630 | _aMODERN JOURNALISM | ||
| 730 | _aMODERN JOURNALISM | ||
| 942 | _cBOOK | ||
| 999 |
_c366318 _d366315 |
||